[Event "World Rapid Team 2023"]
[Site "Dusseldorf GER"]
[Date "2023.08.28"]
[Round "11.3"]
[Board "5"]
[White "Danielian, Elina"]
[Black "Muzychuk, Mariya"]
[Result "1/2-1/2"]
[WhiteTitle "GM"]
[BlackTitle "GM"]
[WhiteElo "2416"]
[BlackElo "2511"]
[WhiteTeam "Armenia"]
[BlackTeam "Ashdod Elit Chess Club"]
[WhiteFideId "13300210"]
[BlackFideId "14114550"]
[EventDate "2023.08.26"]

1. d4 Nf6 2. Nf3 d5 3. c4 e6 4. Nc3 c6 5. e3 Nbd7 6. Qc2 Bd6 7. Bd3 O-O 8. O-O
e5 9. cxd5 cxd5 10. e4 exd4 11. Nxd5 Nxd5 12. exd5 h6 13. h3 Qf6 14. Qd1 Bc5 15.
Re1 Nb6 16. Be4 Bf5 17. Bxf5 Qxf5 18. Re5 Qf6 19. Qb3 Rad8 20. Bd2 Qd6 21. Rc1
Nxd5 22. Qxb7 Qb6 23. Qxb6 Bxb6 24. Ne1 Rfe8 25. Rxe8+ Rxe8 26. Kf1 f5 27. Nd3
Kf7 28. b4 Nf6 29. a4 Ne4 30. Be1 Re7 31. a5 Bc7 32. Rc4 Rd7 33. b5 Ke8 34. Rc6
Bd8 35. f3 Nc3 36. b6 axb6 37. axb6 Rb7 38. Bxc3 dxc3 39. Rxc3 Rxb6 40. Ke2 Re6+
41. Kf1 Kf7 42. Rc5 Kf6 43. Nf4 Rd6 44. Rd5 Rxd5 45. Nxd5+ Ke5 46. Ne3 Bg5 47.
Nc2 Be7 48. Ke2 Bc5 1/2-1/2

[Event "World Rapid Team 2023"]
[Site "Dusseldorf GER"]
[Date "2023.08.28"]
[Round "11.3"]
[Board "6"]
[White "Blonder, Daniel"]
[Black "Atoyan, Alberto"]
[Result "1/2-1/2"]
[WhiteElo "1824"]
[BlackElo "1896"]
[WhiteTeam "Ashdod Elit Chess Club"]
[BlackTeam "Armenia"]
[WhiteFideId "2841754"]
[BlackFideId "13314831"]
[EventDate "2023.08.26"]

1. e4 c5 2. c3 Nf6 3. e5 Nd5 4. d4 cxd4 5. Nf3 Nc6 6. Bc4 Nb6 7. Bb3 d6 8. exd6
Qxd6 9. O-O Be6 10. Bxe6 Qxe6 11. Nxd4 Nxd4 12. Qxd4 Rd8 13. Qh4 h5 14. Nd2 Qg4
15. Nf3 e6 16. h3 Qxh4 17. Nxh4 Be7 18. Nf3 Bf6 19. Be3 Nc4 20. Bd4 Bxd4 21.
Nxd4 Ke7 22. b3 Nb6 23. Nf3 Rd3 24. c4 Rhd8 25. Rfe1 a5 26. Rab1 f6 27. Re3 Rd1+
28. Re1 Rxb1 29. Rxb1 e5 30. Re1 a4 31. Rb1 a3 32. Re1 Rd3 33. Kf1 Ke6 34. Re3
Rd1+ 35. Re1 Rd3 36. Re3 Rd1+ 37. Re1 Rd8 38. Ke2 e4 39. Nd2 f5 40. f3 exf3+ 41.
Nxf3 Kf6 42. Rd1 Re8+ 43. Kf2 Re6 44. Nd4 Re7 45. Nb5 Nd7 46. Nxa3 Nc5 47. Nb5
Ne4+ 48. Kg1 h4 49. Nd6 Ng3 50. Rd2 f4 51. Kf2 Re3 52. Rd4 Nh1+ 53. Kf1 Ng3+ 54.
Kf2 Nh1+ 55. Kf1 1/2-1/2

[Event "World Rapid Team 2023"]
[Site "Dusseldorf GER"]
[Date "2023.08.28"]
[Round "11.4"]
[Board "1"]
[White "Rodshtein, Maxim"]
[Black "Donchenko, Alexander"]
[Result "1-0"]
[WhiteTitle "GM"]
[BlackTitle "GM"]
[WhiteElo "2606"]
[BlackElo "2684"]
[WhiteTeam "Rishon LeZion Chess Club"]
[BlackTeam "Germany and Friends"]
[WhiteFideId "2806851"]
[BlackFideId "24603295"]
[EventDate "2023.08.26"]

1. d4 Nf6 2. c4 e6 3. Nf3 d5 4. g3 Bb4+ 5. Bd2 Be7 6. Bg2 O-O 7. O-O Nbd7 8. Qc2
c6 9. Bf4 b6 10. Rd1 Ba6 11. Nbd2 Nh5 12. Be5 f6 13. cxd5 cxd5 14. Bc7 Qc8 15.
Rdc1 f5 16. Qc6 Kf7 17. e3 h6 18. Qa4 Be2 19. Bd6 b5 20. Qa3 Qd8 21. Rc6 Bxf3
22. Nxf3 Nhf6 23. Rac1 Bxd6 24. Rxd6 Rc8 25. Rxc8 Qxc8 26. Qxa7 Kg8 27. Bf1 Rf7
28. Qa6 Qc2 29. Rc6 Qxb2 30. Qxb5 Qxa2 31. Rxe6 Ne4 32. Qe2 Qa1 33. Kg2 Ndf6 34.
Ra6 Qc1 35. Ne5 Rb7 36. Nd3 Qc3 37. Ra2 Kh7 38. h3 Qc8 39. Rc2 Qe8 40. Qf3 Nd6
41. Ne5 Rb1 42. Bd3 Nfe4 43. Ra2 Rb7 44. Ra6 Rb2 45. Bxe4 dxe4 46. Qd1 Nb5 47.
Qc1 Rb4 48. Rb6 Rb3 49. Qc4 Nxd4 50. Rxb3 Nxb3 51. Qd5 Nc1 52. Nd7 Qh5 53. g4
Qg5 54. Nf8+ Kh8 55. Ne6 Qf6 56. Qxf5 Qxf5 57. gxf5 Nd3 58. Kg3 Kg8 59. Nf4 Nc5
60. Nh5 Kf7 61. h4 Nd3 62. Kg2 Ne1+ 63. Kh3 Nd3 64. Kg3 Kg8 65. Nf4 Nc5 66. h5
Kf7 67. Nd5 Nd3 68. Nc3 Kf6 69. Nxe4+ Kxf5 70. Nd6+ Ke6 71. Nb5 Kf5 72. Nd4+ Kg5
73. Ne6+ Kf6 74. Nf4 Ne5 75. Nd5+ Kf5 76. f3 Nd3 77. Kh4 Ke6 78. e4 Ke5 79. Kg3
Nc1 80. Ne3 Ne2+ 81. Kg4 Nd4 82. Nc4+ Ke6 83. f4 Nc2 84. f5+ Kd7 85. e5 Nd4 86.
Ne3 Ne2 87. Ng2 Ke7 88. Nf4 Nd4 89. Ng6+ Kf7 90. Kf4 Ne2+ 91. Kf3 Nd4+ 92. Ke4
Ne2 93. Kf3 Nd4+ 94. Kg4 Nc2 95. Nh4 Ke7 96. Kf4 Nd4 97. Nf3 Ne2+ 98. Kg4 Kf7
99. Nd2 Nd4 100. Ne4 Ne2 101. Kf3 Nd4+ 102. Kf4 Ke7 103. Nc3 Kd7 104. Ke4 Nb3
105. Nd5 Nd2+ 106. Ke3 Nf1+ 107. Kf4 Nd2 108. Ne3 Ke7 109. e6 Kd6 110. Ng4 Nc4
111. Ke4 Nd2+ 112. Ke3 Nc4+ 113. Kd3 Nb6 114. Ne3 Na4 115. Kd4 Ke7 116. Ke5 Nc5
117. Nd5+ Kf8 118. f6 gxf6+ 119. Kxf6 Ne4+ 120. Kg6 Nc5 121. Kf6 Ne4+ 122. Kf5
Nc5 123. Ke5 Kg7 124. Kd6 Ne4+ 125. Kd7 Nc5+ 126. Ke7 Ne4 127. Nf4 Nc5 128. Ne2
Ne4 129. Nf4 Nc5 130. Kd6 Ne4+ 131. Ke5 Ng3 132. Kd5 Kf6 133. Kd6 Ne4+ 134. Kc6
Ng5 135. Kd5 Nxe6 136. Nxe6 Kf5 137. Kd6 Kf6 138. Kd7 Kf7 139. Kd6 Kf6 140. Kd7
Kf7 141. Nc5 Kf6 142. Ne4+ Kf5 143. Ng3+ Kg4 144. Ke6 Kxg3 145. Kf5 1-0

[Event "World Rapid Team 2023"]
[Site "Dusseldorf GER"]
[Date "2023.08.28"]
[Round "11.4"]
[Board "2"]
[White "Bluebaum, Matthias"]
[Black "Zanan, Evgeny"]
[Result "1/2-1/2"]
[WhiteTitle "GM"]
[BlackTitle "GM"]
[WhiteElo "2670"]
[BlackElo "2470"]
[WhiteTeam "Germany and Friends"]
[BlackTeam "Rishon LeZion Chess Club"]
[WhiteFideId "24651516"]
[BlackFideId "24101940"]
[EventDate "2023.08.26"]

1. d4 Nf6 2. c4 e6 3. Nc3 Bb4 4. e3 O-O 5. Bd2 d5 6. Nf3 Nbd7 7. a3 Be7 8. cxd5
exd5 9. Bd3 c6 10. Qc2 Bd6 11. O-O Re8 12. Rfe1 h6 13. h3 a5 14. Re2 Nf8 15.
Rae1 Bd7 16. e4 dxe4 17. Nxe4 Nxe4 18. Bxe4 Qc7 19. Ne5 Be6 20. Nc4 Bf4 21. Bxf4
Qxf4 22. Nb6 Rad8 23. d5 cxd5 24. Nxd5 Qd6 25. Rd1 Bxd5 26. Rxd5 Qb6 27. Qc4 Rc8
28. Qb5 Qc7 29. Rd1 Re6 30. Rc2 Qb8 31. Rxc8 Qxc8 32. Bxb7 Qc7 33. Bf3 Ng6 34.
g3 Ne5 35. Bd5 Re7 36. Bg2 g6 37. b4 axb4 38. axb4 h5 39. Qc5 Qxc5 40. bxc5 Rc7
41. c6 Kf8 42. f4 Nc4 43. Kf2 Ke7 44. Rc1 Nd6 45. g4 hxg4 46. hxg4 Nb5 47. Ke3
Ke6 48. Rb1 Na7 49. Rb7 Kd6 50. Rxc7 Kxc7 51. Kd4 f6 52. g5 fxg5 53. fxg5 Kd6
54. Be4 Nb5+ 55. Ke3 Nc3 56. Bxg6 Kxc6 57. Kd4 Ne2+ 58. Ke5 Kd7 59. Bd3 Ng3 60.
Kf6 Nh5+ 61. Kf7 Nf4 62. Be4 Kd6 63. Bf3 Ke5 64. Bg4 Ke4 65. Bc8 Ke5 66. Bd7 Kd6
67. Bf5 Ke5 68. Bg4 Ke4 69. Kf6 Nd5+ 70. Ke6 Nf4+ 71. Kd6 Ng6 72. Ke6 Nf4+ 73.
Kf6 Nd5+ 74. Kf7 Nf4 75. Bc8 Ke5 76. Bd7 Kd6 77. Ba4 Nd3 78. Kf6 Ne5 79. Be8
Ng4+ 80. Kf5 Ne3+ 81. Kg6 Ke7 82. Ba4 Nc4 83. Bb3 Ne5+ 84. Kf5 Nf3 85. g6 Nh4+
86. Kg5 Nxg6 87. Kxg6 1/2-1/2

[Event "World Rapid Team 2023"]
[Site "Dusseldorf GER"]
[Date "2023.08.28"]
[Round "11.4"]
[Board "3"]
[White "Bronstein, Or"]
[Black "Svane, Rasmus"]
[Result "0-1"]
[WhiteTitle "IM"]
[BlackTitle "GM"]
[WhiteElo "2459"]
[BlackElo "2631"]
[WhiteTeam "Rishon LeZion Chess Club"]
[BlackTeam "Germany and Friends"]
[WhiteFideId "2815770"]
[BlackFideId "4657101"]
[EventDate "2023.08.26"]

1. c4 Nf6 2. Nf3 e6 3. g3 d5 4. Bg2 Be7 5. d4 O-O 6. O-O dxc4 7. Qc2 a6 8. a4
Bd7 9. Qxc4 Bc6 10. Bf4 Bd6 11. Qc1 a5 12. Nc3 Na6 13. Bd2 Nb4 14. Qb1 Nbd5 15.
Nh4 Bb4 16. Rd1 Qe8 17. e4 Nb6 18. Qc2 h6 19. Re1 Bxc3 20. Bxc3 Nxa4 21. d5 Nxc3
22. dxc6 Nb5 23. cxb7 Rb8 24. Rxa5 Rxb7 25. Qc5 Nd7 26. Qc6 Rb6 27. Qc2 Qb8 28.
e5 c5 29. Qa4 Nxe5 30. Rxe5 Qxe5 31. Rxb5 Rxb5 32. Qxb5 Rb8 33. Qc6 g6 34. Be4
Kg7 35. Nf3 Qxb2 36. Qxc5 Rb4 37. Bd3 Rb3 38. Ne5 Rc3 39. Qd6 Rc1+ 40. Kg2 Qb7+
41. Kh3 Qc7 42. Qd4 Qc3 43. Qd6 Qc5 44. Qxc5 Rxc5 45. f4 Rd5 46. Be4 Rd4 47. Bb1
f5 48. Nf3 Rb4 49. Bd3 Kf6 50. Kg2 g5 51. fxg5+ hxg5 52. h4 Rb2+ 53. Kf1 g4 54.
Ne1 e5 55. Bc2 Ra2 56. Ke2 Ra3 57. Nd3 e4 58. Nf4 Ke5 59. h5 Rxg3 60. Ng6+ Kf6
61. Ba4 Kg5 62. Bd7 Rh3 63. Be8 Rxh5 64. Nf4 Rh8 65. Ne6+ Kf6 66. Nc7 Ke5 67.
Ba4 f4 68. Bb3 Rh2+ 69. Kf1 f3 0-1

[Event "World Rapid Team 2023"]
[Site "Dusseldorf GER"]
[Date "2023.08.28"]
[Round "11.4"]
[Board "4"]
[White "Kollars, Dmitrij"]
[Black "Veinberg, Nimrod"]
[Result "1-0"]
[WhiteTitle "GM"]
[BlackTitle "IM"]
[WhiteElo "2628"]
[BlackElo "2417"]
[WhiteTeam "Germany and Friends"]
[BlackTeam "Rishon LeZion Chess Club"]
[WhiteFideId "12909572"]
[BlackFideId "2810280"]
[EventDate "2023.08.26"]

1. e4 e5 2. Nf3 Nc6 3. Bb5 a6 4. Ba4 Nf6 5. Nc3 b5 6. Bb3 Bc5 7. O-O d6 8. Nd5
Rb8 9. c3 Nxd5 10. Bxd5 Ne7 11. d4 exd4 12. cxd4 Bb6 13. Bb3 O-O 14. h3 h6 15.
Be3 Bb7 16. Bc2 f5 17. Qb1 Qd7 18. Re1 Rbe8 19. a4 fxe4 20. Bxe4 Bxe4 21. Qxe4
Nf5 22. Qg4 bxa4 23. Bxh6 Qf7 24. Rxe8 Rxe8 25. Bd2 Qd5 26. Rxa4 Re4 27. Qh5 Qb5
28. Ng5 Nh6 29. Qg6 Re2 30. Qh7+ Kf8 31. Qh8+ Ng8 32. Ra3 Bxd4 33. Rf3+ Bf6 34.
Nh7+ Kf7 35. Ng5+ Kf8 36. Qh5 Qc4 37. b3 1-0

[Event "World Rapid Team 2023"]
[Site "Dusseldorf GER"]
[Date "2023.08.28"]
[Round "11.4"]
[Board "5"]
[White "Efroimski, Marsel"]
[Black "Bashylina, Luisa"]
[Result "1/2-1/2"]
[WhiteTitle "IM"]
[BlackTitle "WFM"]
[WhiteElo "2439"]
[BlackElo "2152"]
[WhiteTeam "Rishon LeZion Chess Club"]
[BlackTeam "Germany and Friends"]
[WhiteFideId "2810964"]
[BlackFideId "12983292"]
[EventDate "2023.08.26"]

1. e4 c5 2. Nf3 d6 3. Bb5+ Nd7 4. Ba4 Nf6 5. O-O g6 6. Qe2 Bg7 7. c3 O-O 8. d4
a6 9. e5 Nd5 10. e6 N7b6 11. exf7+ Kh8 12. Bb3 Bg4 13. dxc5 dxc5 14. h3 Bxf3 15.
Qxf3 c4 16. Bc2 e6 17. Nd2 Qc7 18. Ne4 Rxf7 19. Qg4 e5 20. Ng5 Re7 21. Qh4 Bf6
22. Qh6 Rae8 23. Bxg6 Bxg5 24. Bxg5 Re6 25. Bxe8 Rxh6 26. Bxh6 Nf6 27. f4 e4 28.
f5 Nxe8 29. f6 Nd6 30. Rae1 Qf7 31. Bf4 Qxf6 32. Be3 Qd8 33. Rd1 Nbc8 34. Bh6
Qb6+ 35. Kh1 Nf5 36. Rxf5 Qxh6 37. Rd8+ Kg7 38. Rxc8 Qc1+ 39. Kh2 Qxb2 40. Rcf8
Qxc3 41. h4 Qb4 42. R5f7+ Kg6 43. Rf6+ Kg7 44. R6f7+ Kg6 45. Rf6+ Kg7 46. R6f7+
Kg6 1/2-1/2

[Event "World Rapid Team 2023"]
[Site "Dusseldorf GER"]
[Date "2023.08.28"]
[Round "11.4"]
[Board "6"]
[White "Lobkin, Bohdan"]
[Black "Raiko, Yossi"]
[Result "1/2-1/2"]
[WhiteElo "1795"]
[BlackElo "1841"]
[WhiteTeam "Germany and Friends"]
[BlackTeam "Rishon LeZion Chess Club"]
[WhiteFideId "34115552"]
[BlackFideId "2835711"]
[EventDate "2023.08.26"]

1. e4 c6 2. Nc3 d5 3. Nf3 dxe4 4. Nxe4 Nf6 5. Ng3 c5 6. Bc4 e6 7. O-O Nc6 8. c3
Be7 9. Qe2 O-O 10. Rd1 Qc7 11. d4 Rd8 12. Be3 cxd4 13. Nxd4 Nxd4 14. Bxd4 b6 15.
Be5 Qb7 16. Rxd8+ Bxd8 17. Rd1 Bd7 18. Ba6 Qc6 19. c4 Be8 20. b4 Be7 21. h3 Rd8
22. Rc1 Qd7 23. c5 bxc5 24. bxc5 Qd5 25. Bc7 Bc6 26. f3 Bxc5+ 27. Kh2 Rd7 28.
Bf4 Bf8 29. Bc4 Qa5 30. Bxe6 Re7 31. Rxc6 Rxe6 32. Rxe6 fxe6 33. Qxe6+ Kh8 34.
Qf7 Qb4 35. Be3 a5 36. Qb3 Qe1 37. Nf5 Qb4 38. Qd3 Qb8+ 39. Kh1 Qe8 40. Bd4 Qe1+
41. Kh2 Qe6 42. Bxf6 Qxf6 43. Qd5 g6 44. Qd4 Qxd4 45. Nxd4 Bd6+ 46. g3 Kg7 47.
Kg2 Kf6 48. f4 Bc5 49. Nb3 Bb6 50. Kf3 a4 51. Nd2 Ke6 52. Ke4 Bf2 53. g4 Kd6 54.
Nc4+ Kc5 55. Nb2 Kb5 56. Nxa4 Kxa4 57. f5 gxf5+ 58. gxf5 Ka3 59. f6 Kxa2 60. Kd5
Bh4 61. f7 Be7 62. Ke6 Bf8 63. Kd7 Kb3 64. h4 h5 65. Ke8 Bh6 66. f8=Q Bxf8 67.
Kxf8 Kc4 68. Kg7 Kd5 69. Kg6 Ke6 70. Kxh5 Kf7 1/2-1/2

[Event "World Rapid Team 2023"]
[Site "Dusseldorf GER"]
[Date "2023.08.28"]
[Round "11.5"]
[Board "1"]
[White "Caruana, Fabiano"]
[Black "Huschenbeth, Niclas"]
[Result "1/2-1/2"]
[WhiteTitle "GM"]
[BlackTitle "GM"]
[WhiteElo "2782"]
[BlackElo "2603"]
[WhiteTeam "Kompetenzakademie Allstars"]
[BlackTeam "Berlin Chess Federation"]
[WhiteFideId "2020009"]
[BlackFideId "24604747"]
[EventDate "2023.08.26"]

1. e4 e5 2. Nf3 Nc6 3. Bc4 Nf6 4. d3 Bc5 5. c3 d6 6. O-O a5 7. Re1 O-O 8. h3 Ba7
9. Nbd2 Be6 10. Bb5 Ne7 11. d4 Ng6 12. Ba4 Nh5 13. Nf1 Nhf4 14. Ng3 exd4 15.
cxd4 d5 16. e5 f6 17. Bc2 fxe5 18. Nxe5 Qf6 19. Nxg6 Nxg6 20. Be3 Rae8 21. Nh5
Qh4 22. Bxg6 hxg6 23. Nf4 Bf7 24. g3 Qf6 25. h4 Re4 26. Kg2 Bxd4 27. Bxd4 Rxd4
28. Qf3 Rd2 29. b3 c6 30. Qe3 Rc2 31. Red1 Re8 32. Qd3 Rc3 33. Qd2 d4 34. Qxd4
Qxd4 35. Rxd4 Rc2 36. Rd7 b5 37. Rc7 Be6 38. Rd1 Bf5 39. Rd6 Kh7 40. g4 Be4+ 41.
Kg3 Rc3+ 42. Kh2 Rf8 43. Nh3 Kh6 44. Rd4 Rff3 45. Rxe4 Rxh3+ 46. Kg2 Rxh4 47.
Rce7 Rhh3 48. R4e5 Rhd3 49. Re8 Kh7 50. Re1 g5 51. R1e5 Rd5 52. Rxd5 cxd5 53.
Re5 Kg6 54. Rxd5 Rc2 55. a4 b4 56. Rf5 Rc3 57. Rf3 Rc1 58. Re3 Kf6 59. Kf3 Rc2
60. Rd3 Ke5 61. Ke3 Rb2 62. Kf3 Rc2 63. Ke3 1/2-1/2

[Event "World Rapid Team 2023"]
[Site "Dusseldorf GER"]
[Date "2023.08.28"]
[Round "11.5"]
[Board "4"]
[White "Lagunow, Raphael"]
[Black "Siebrecht, Sebastian"]
[Result "1-0"]
[WhiteTitle "IM"]
[BlackTitle "GM"]
[WhiteElo "2413"]
[BlackElo "2361"]
[WhiteTeam "Berlin Chess Federation"]
[BlackTeam "Kompetenzakademie Allstars"]
[WhiteFideId "24652644"]
[BlackFideId "4609352"]
[EventDate "2023.08.26"]

1. e4 c5 2. c3 Nf6 3. e5 Nd5 4. Nf3 e6 5. d4 cxd4 6. cxd4 d6 7. Bc4 Nc6 8. O-O
Be7 9. Qe2 O-O 10. Nc3 Nb6 11. Bd3 d5 12. Bc2 f5 13. exf6 Bxf6 14. Be3 Nc4 15.
b3 Nxe3 16. Qxe3 g6 17. Rad1 Bg7 18. Rfe1 Rxf3 19. Qxf3 Nxd4 20. Qd3 Nxc2 21.
Qxc2 Qc7 22. Rc1 Bd7 23. Qd3 Qa5 24. Ne2 e5 25. b4 Qb5 26. Qb3 Be6 27. Nd4 exd4
28. Rxe6 Rd8 29. Rc7 b6 30. a4 Qa6 31. Qf3 Rf8 32. Rxg7+ Kxg7 33. Re7+ 1-0

[Event "World Rapid Team 2023"]
[Site "Dusseldorf GER"]
[Date "2023.08.28"]
[Round "11.5"]
[Board "5"]
[White "Tsatsalashvili, Keti"]
[Black "Paehtz, Elisabeth"]
[Result "0-1"]
[WhiteTitle "WGM"]
[BlackTitle "GM"]
[WhiteElo "2315"]
[BlackElo "2471"]
[WhiteTeam "Kompetenzakademie Allstars"]
[BlackTeam "Berlin Chess Federation"]
[WhiteFideId "13603434"]
[BlackFideId "4641833"]
[EventDate "2023.08.26"]

1. d4 e6 2. c4 b6 3. Nf3 Bb7 4. g3 Bb4+ 5. Nbd2 Bxf3 6. exf3 Nf6 7. Bg2 Nc6 8.
a3 Be7 9. Nb1 d5 10. f4 Qd7 11. Nc3 O-O 12. cxd5 exd5 13. O-O Na5 14. b3 c6 15.
Bd2 Nb7 16. Re1 Rfe8 17. Qc2 Bf8 18. a4 a5 19. Re5 Bd6 20. Ree1 Bc7 21. Rac1
Rxe1+ 22. Rxe1 Nd6 23. Bc1 Nf5 24. Rd1 Bd6 25. Qd3 h5 26. Re1 g6 27. Nb1 Re8 28.
Rxe8+ Qxe8 29. Bd2 Qe7 30. Nc3 Bb4 31. Bh3 Ng4 32. Bf1 Qe6 33. h3 Nf6 34. Bg2
Nd6 35. Ne2 Qf5 36. Qxf5 Nxf5 37. Bc1 Kf8 38. Bb2 Bd2 39. Kf1 Ke7 40. Ng1 Ne4
41. Ke2 Bb4 42. Nf3 f6 43. g4 Ng7 44. Ne1 Ne6 45. Nd3 hxg4 46. hxg4 Nc3+ 47.
Bxc3 Bxc3 48. Kd1 Bxd4 49. Kc2 Kd6 50. Bf1 c5 51. f5 gxf5 52. gxf5 Ng5 53. Bg2
Ne4 54. f3 Ng3 55. Bh3 Be3 56. Bg4 c4 57. bxc4 dxc4 58. Nb2 Kc5 59. f4 Bxf4 60.
Bf3 Nxf5 61. Bh5 Be5 62. Nd1 Nd4+ 63. Kd2 Kb4 64. Bf7 Nb3+ 65. Kc2 Bd4 66. Be6
Nc5 67. Bd5 Nxa4 0-1

[Event "World Rapid Team 2023"]
[Site "Dusseldorf GER"]
[Date "2023.08.28"]
[Round "11.6"]
[Board "1"]
[White "Aravindh, Chithambaram VR."]
[Black "Krastev, Alexander"]
[Result "1/2-1/2"]
[WhiteTitle "GM"]
[BlackTitle "IM"]
[WhiteElo "2645"]
[BlackElo "2411"]
[WhiteTeam "Six-pack"]
[BlackTeam "Schachverein Hemer"]
[WhiteFideId "5072786"]
[BlackFideId "12989983"]
[EventDate "2023.08.26"]

1. d4 Nf6 2. Nf3 e6 3. e3 c5 4. Bd3 d5 5. b3 cxd4 6. exd4 Be7 7. O-O O-O 8. Nbd2
b6 9. Qe2 a5 10. Bb2 Ba6 11. c4 Nc6 12. Rac1 Rc8 13. Rfd1 a4 14. Qe3 Ng4 15. Qe2
Nf6 16. h3 Nh5 17. Qe3 Bd6 18. g3 a3 19. Ba1 Nb4 20. Bb1 Qe7 21. Ne5 f6 22. Nd3
Nxd3 23. Bxd3 f5 24. Re1 f4 25. Qxe6+ Qxe6 26. Rxe6 fxg3 27. Rxd6 Rxf2 28. Rf1
Rxd2 29. Bf5 Re8 30. Bc3 Rf2 31. Rxb6 Rxf1+ 32. Kxf1 Rf8 33. Rxa6 Rxf5+ 34. Kg1
Rf3 35. Bb4 Nf4 36. Ra8+ Kf7 37. Rf8+ Ke6 38. Bxa3 Rf2 39. cxd5+ Kxd5 40. Rxf4
Rxf4 41. Kg2 Rf2+ 42. Kxg3 Rxa2 43. Bc5 Rb2 44. b4 Ke4 45. Bf8 g6 46. Bc5 Rb1
47. Kf2 Rb3 48. Kg2 Kd5 49. Kh2 Ke6 50. Kg2 Kd5 51. Kh2 Ke4 52. Kg2 h5 53. h4
Kd5 54. Kh2 Kc6 55. Kg2 Kd5 56. Kh2 Ke4 57. Kg2 Rb2+ 58. Kg3 Rb1 59. Kf2 Kf4 60.
d5 Rb2+ 61. Ke1 Ke5 62. d6 Ke6 63. Kf1 Rh2 64. Bf2 Rh3 65. Kg2 Rb3 66. Bc5 Kd7
67. Kh2 Kc6 68. Kg2 Rd3 69. Kh2 Rf3 70. Kg2 Rf4 71. Kg3 Rc4 72. Kh3 Rg4 73. d7
Kxd7 74. b5 g5 75. hxg5 Rxg5 76. Bf2 Rxb5 77. Kg2 Ke6 78. Bd4 Kf5 79. Be3 Kg4
80. Bd4 Rb4 81. Be5 Rb1 82. Bd6 Rb2+ 83. Kg1 Kh3 84. Be5 Rb1+ 85. Kf2 Rc1 86.
Bd6 Rc2+ 87. Kg1 Rg2+ 88. Kf1 Rg6 89. Bc7 Rg7 90. Bd6 Rg8 91. Kf2 Rg2+ 92. Kf1
Rg6 93. Bc7 h4 94. Kf2 Rg2+ 95. Kf1 Rg7 96. Bd6 Rg3 97. Kf2 Rg6 98. Bc7 Rc6 99.
Be5 Rc1 100. Bd6 Rb1 101. Be5 Rd1 102. Bc7 Ra1 103. Be5 Rb1 104. Bd6 Rb2+ 105.
Kg1 Rg2+ 106. Kf1 Rg6 107. Bc7 Rg8 108. Bd6 Rg7 109. Be5 Rg4 110. Kf2 Re4 111.
Bd6 Kg4 112. Kg2 Rd4 113. Bc7 Rd2+ 114. Kg1 Kf3 115. Kh1 Rd1+ 116. Kh2 Rc1 117.
Bd6 Kg4 118. Kg2 Rc6 119. Be5 Rg6 120. Bc7 Rg7 121. Bd6 Rg8 122. Bc7 Rc8 123.
Bd6 Rc6 124. Be5 Rc2+ 125. Kg1 Kh3 126. Bd6 Rd2 127. Bc7 Rb2 128. Be5 Rg2+ 129.
Kf1 Rg6 130. Bc7 Rg8 131. Bd6 Rg7 132. Kf2 Rg2+ 133. Kf1 Rg6 1/2-1/2

[Event "World Rapid Team 2023"]
[Site "Dusseldorf GER"]
[Date "2023.08.28"]
[Round "11.6"]
[Board "2"]
[White "Bagrationi, Alexander"]
[Black "Mohammad, Nubairshah Shaikh"]
[Result "1/2-1/2"]
[WhiteTitle "GM"]
[BlackTitle "IM"]
[WhiteElo "2440"]
[BlackElo "2430"]
[WhiteTeam "Schachverein Hemer"]
[BlackTeam "Six-pack"]
[WhiteFideId "14104954"]
[BlackFideId "5053196"]
[EventDate "2023.08.26"]

1. Nf3 Nf6 2. d4 g6 3. g3 d5 4. Bg2 Bg7 5. O-O O-O 6. c4 c6 7. b3 Bf5 8. Bb2
Nbd7 9. Nc3 Ne4 10. cxd5 Nxc3 11. Bxc3 cxd5 12. Qd2 Be4 13. Rfc1 a5 14. a4 Qb6
15. b4 axb4 16. Bxb4 Bxf3 17. exf3 Qxd4 18. Qxd4 Bxd4 19. Ra2 Rfc8 20. Rxc8+
Rxc8 21. Bxe7 Ne5 22. f4 Rc1+ 23. Bf1 Nf3+ 24. Kg2 Ne1+ 25. Kh3 f5 26. Bb5 Kf7
27. Bd8 Nf3 28. Ba5 h6 29. Kg2 b6 30. Kxf3 bxa5 31. Rd2 Rc3+ 32. Ke2 Bb6 33.
Rxd5 Rc2+ 34. Rd2 Rxd2+ 35. Kxd2 Bxf2 1/2-1/2

[Event "World Rapid Team 2023"]
[Site "Dusseldorf GER"]
[Date "2023.08.28"]
[Round "11.6"]
[Board "3"]
[White "Karthik, Venkataraman"]
[Black "Voicu-Jagodzinsky, Carmen"]
[Result "1-0"]
[WhiteTitle "GM"]
[BlackTitle "WGM"]
[WhiteElo "2562"]
[BlackElo "2264"]
[WhiteTeam "Six-pack"]
[BlackTeam "Schachverein Hemer"]
[WhiteFideId "25006479"]
[BlackFideId "1206729"]
[EventDate "2023.08.26"]

1. e4 e6 2. d4 d5 3. Nc3 Nf6 4. Bg5 Be7 5. e5 Nfd7 6. Bxe7 Qxe7 7. f4 a6 8. Nf3
c5 9. dxc5 Nxc5 10. Bd3 Nc6 11. Qd2 b5 12. O-O b4 13. Ne2 O-O 14. Qe3 Bd7 15.
Bxh7+ Kh8 16. Bd3 g6 17. h4 Kg7 18. Kf2 Rh8 19. Rh1 Na5 20. b3 Rac8 21. g4 Ne4+
22. Kg2 Bb5 23. Ned4 Rc3 24. f5 Qc5 25. fxg6 Be8 26. gxf7 Bxf7 27. Ng5 Nxg5 28.
Qxg5+ Kf8 29. Nxe6+ Bxe6 30. Qf6+ Ke8 31. Qxe6+ Kd8 32. Qf6+ Kc7 33. Qxh8 Nc6
34. Qh7+ Kb6 35. Rae1 1-0

[Event "World Rapid Team 2023"]
[Site "Dusseldorf GER"]
[Date "2023.08.28"]
[Round "11.6"]
[Board "4"]
[White "Jagodzinsky, Andreas"]
[Black "Pranesh, M"]
[Result "0-1"]
[BlackTitle "GM"]
[WhiteElo "2176"]
[BlackElo "2503"]
[WhiteTeam "Schachverein Hemer"]
[BlackTeam "Six-pack"]
[WhiteFideId "4636961"]
[BlackFideId "35028600"]
[EventDate "2023.08.26"]

1. d4 d5 2. Nf3 Nf6 3. c4 e6 4. Nc3 c6 5. e3 Nbd7 6. Be2 Bd6 7. O-O dxc4 8. a4
O-O 9. Bxc4 e5 10. h3 Qe7 11. Ba2 e4 12. Nh4 Nb6 13. f4 Nfd5 14. Qe1 Nb4 15. g4
Nc2 16. Qg3 Nxa1 17. Kh1 Nc2 18. Rg1 Nb4 19. Bb1 Nd3 20. Nf5 Bxf5 21. gxf5 g6
22. f6 Qe6 23. Qh4 Rfe8 24. Bxd3 exd3 25. e4 Nd7 26. e5 Bf8 27. Ne4 Qd5 28. Re1
Qxd4 29. Ng5 h6 30. e6 Qd5+ 31. Kh2 hxg5 0-1

[Event "World Rapid Team 2023"]
[Site "Dusseldorf GER"]
[Date "2023.08.28"]
[Round "11.6"]
[Board "5"]
[White "Priyanka, Nutakki"]
[Black "Besou, Hussain"]
[Result "1-0"]
[WhiteTitle "WGM"]
[BlackTitle "FM"]
[WhiteElo "2283"]
[BlackElo "2364"]
[WhiteTeam "Six-pack"]
[BlackTeam "Schachverein Hemer"]
[WhiteFideId "25049615"]
[BlackFideId "16269950"]
[EventDate "2023.08.26"]

1. d4 Nf6 2. Nf3 d5 3. Bf4 c5 4. e3 Nc6 5. Nbd2 e6 6. c3 Nh5 7. Bg5 f6 8. Bh4 g6
9. Bb5 Be7 10. e4 cxd4 11. Nxd4 Bd7 12. Be2 Nf4 13. Bg3 Nxd4 14. Bxf4 Nxe2 15.
Qxe2 e5 16. Bh6 Bc6 17. Rd1 Qa5 18. a3 O-O-O 19. O-O g5 20. b4 Qa6 21. Qf3 dxe4
22. Nxe4 Qc4 23. Qg4+ Kb8 24. Nxf6 Qxc3 25. Bxg5 Bxf6 26. Bxf6 Rdg8 27. Bg7 h5
28. Qg5 Qc4 29. Qxe5+ Ka8 30. f3 Rh7 31. Rd4 Qb5 32. Qxb5 Bxb5 33. Rfd1 b6 34.
Rd8+ Rxd8 35. Rxd8+ Kb7 36. Be5 Re7 37. f4 Bd7 38. Kf2 Kc6 39. Ke3 Kd5 40. Kd3
Rf7 41. g3 a6 42. Rb8 Bb5+ 43. Kc3 Kc6 44. Bd4 Rd7 45. Rxb6+ Kd5 46. Rh6 Be2 47.
Bc5 Ke4 48. Bd6 Kd5 49. Kd2 Bg4 50. Be5 Kc4+ 51. Rd6 Ra7 52. Rd4+ Kb3 53. Rd3+
Kc4 54. Rc3+ Kd5 55. Ke3 Ke6 56. Rc6+ Kd5 57. Rc5+ Ke6 58. Bd4 Ra8 59. h3 Bxh3
60. Rxh5 Bf5 61. Rh6+ Kd5 62. Be5 Be6 63. Rh1 Bg4 64. Rc1 Ke6 65. a4 Ra7 66.
Rc6+ Kd5 67. Rc5+ Ke6 68. Ra5 Rb7 69. Rxa6+ Kd5 70. Rd6+ Kc4 71. b5 Kb4 72. Rd4+
Ka5 73. Rc4 Rd7 74. Bc3+ Kb6 75. Rc6+ Kb7 76. a5 Rd5 77. a6+ Ka7 78. Bd4+ Kb8
79. b6 Bd7 80. Rh6 1-0